MARC

LEADER 00000nam0a2200000 4500
001 315846
005 20231102002822.0
035 |a (RuTPU)RU\TPU\book\341283 
090 |a 315846 
100 |a 20160311d1982 m y0rusy50 ca 
101 0 |a rus 
102 |a RU 
105 |a a j 001zy 
200 1 |a Производство вентиляционных работ  |e учебник  |f В. П. Говоров, Е. Н. Зарецкий, Г. М. Рабкин 
205 |a 2-е изд., перераб. и доп. 
210 |a Москва  |c Стройиздат  |d 1982 
215 |a 312 с.  |c ил. 
320 |a Библиогр.: с. 309 
606 1 |a Вентиляционные работы  |2 stltpush  |3 (RuTPU)RU\TPU\subj\2193  |9 30786 
610 1 |a учебники 
610 1 |a вентиляционные сети 
610 1 |a монтаж 
610 1 |a оборудование 
610 1 |a техническая документация 
610 1 |a заготовительные работы 
610 1 |a фланцевые соединения 
610 1 |a сварные соединения 
610 1 |a гибка 
610 1 |a разметка 
610 1 |a раскрой 
610 1 |a воздуховоды 
610 1 |a изготовление 
610 1 |a сетевое оборудование 
610 1 |a защита от коррозии 
610 1 |a монтажно-сборочные работы 
610 1 |a вентиляторы 
610 1 |a кондиционеры 
610 1 |a приточные системы 
610 1 |a пылеулавливающее оборудование 
610 1 |a пуск 
610 1 |a испытание 
610 1 |a наладка 
610 1 |a курсовое проектирование 
675 |a 697.912(075.3)  |v 4 
700 1 |a Говоров  |b В. П.  |g Вадим Павлович 
701 1 |a Зарецкий  |b Е. Н.  |g Ефим Наумович 
701 1 |a Рабкин  |b Г. М.  |g Григорий Маркович 
801 1 |a RU  |b 63413507  |c 20160311 
801 2 |a RU  |b 63413507  |c 20200110  |g RCR 
942 |c BK